| 000 | 004420000a22001810004500 | ||
|---|---|---|---|
| 003 | MACL | ||
| 005 | 20160102125325.0 | ||
| 008 | 160102b xxu||||| |||| 00| 0 eng d | ||
| 040 |
_aMACL _cMACL |
||
| 041 | _aEnglish | ||
| 082 | _a800/CHA | ||
| 100 |
_aChagla, M C _926988 |
||
| 245 | _aAn Ambassador Speaks | ||
| 260 |
_bAsia Publishing House _c1962 _aLondon |
||
| 350 | _a10.50 | ||
| 650 |
_aLiterature _926989 |
||
| 942 |
_cBK _k800/CHA _2ddc |
||
| 999 |
_c35859 _d35859 |
||